zpět

Detail výsledku týmu

Hasičárna Blesk, Ostrava

Datum a čas kvízu

29 Celkem bodů Celkový počet nahraných bodů na tomto kvízu bez doplňovacích otázek.
5. Pořadí na kvízu Konečné umístění týmu na tomto kvízu.

Zaznamenané odpovědi

# Otázka Odpověď Body Výsledky
1. Vláda ve středu schválila vzni... Křivoklátsko 1
2. Ve které zemi zrušil minulý tý... v Rumunsku 1
3. Hudební streamovací platforma... Bad Bunny 0
4. Dosavadním rozvážkovým službám... Česká pošta, COOP 0.5
5. Která sportovkyně v sobotu uko... Markéta Davidová 1
6. Téma o nejpoužívanějších aplik... Netflix 0
7. Počet aktivních uživatelů je c... Snapchat 0
8. Ve které aplikaci najdeme tako... Waze 1
9. Ve které z těchto zemí jako v... C 0
10. Tento Evropan má kratičké příj... Spotify 1